000 00263nam a22001217a 4500
008 181009b xxu||||| |||| 00| 0 eng d
041 _aeng
080 _23 ed
_a710
100 _a45
101 _aART
245 _aProces Models
_cLevin.G
942 _2udc
_cBK
999 _c49213
_d49213